1429 1880 1322 1991 1725 1729 1510 1667 1932 1241 1727 1042 1104 1273 1681 1838 1698 1969 1712 1348 1405 1929 1536 1586 1336 1921 1293 1276 1277 1055 1025 1068 1610 1743 1997 1758 1167 1316 1281 1170 1729 1681 1054 1420 1507 1290 1368 1255 1397 1298 1089 1796 1742 1960 1012 1641 1222 1765 1279 1608 1660 1318 1257 1004 1572 1048 1359 1919 1955 1124 1008 1710 1086 1507 1659 1151 1013 1346 1043 1926 1654 1277 1818 1114 1073 1740 1003 1313 1924 1456 1936 1901 1076 1219 1597 1735 1118 1264 1206 BCNSPRNW ULIB Ver.6.0+V

เปลี่ยนเป็นภาษาไทย

Change to English
 แสดงรายละเอียดบรรณานุกรม
  กลับหน้าหลัก

Brief Record : Get Marc (ISO 2709) : E-mail record : QR code < ปิดหน้าต่าง
LEADER : 00000nam 2200000uu 4500
001    13399112860
003     ULIB
008    110914s2551||||th 000 0 tha d
020    9789740434320
090    นว.^bO983ป 2551
100 0  Oresia
245     ปรากฎการณ์รักหมดหัวใจ/^cOresia
250    พิมพ์ครั้งที่ 1
260    กรุงเทพฯ :^bแจ่มใส,^c2551
300    287 หน้า
710 1  แจ่มใส
945    ^p199^l0^i15030
995    กัณชพร
999     ^aใช้งานได้ทุกระบบ
รายการนี้ยังไม่มีแท็ก
คุณยังไม่ได้ล็อกอิน คุณสามารถมีกิจกรรมร่วมกับเว็บไซต์ได้ แต่ต้องล็อกอินก่อน ::
  ล็อกอิน

รายการสื่อสารสนเทศ

ลำดับที่ ประเภท เลขเรียก/บาร์โค้ด สถานที่ สถานะ
1. นวนิยาย
นวนิยาย
นว. O983ป 2551  
  Barcode: 15030
ห้องสมุดวิทยาเขตสวรรค์ประชารักษ์
►นวนิยาย
บนชั้น
  ขอยืม

รายการใกล้เคียง
    ผู้แต่ง [Oresia]

BibComment


ยังไม่เคยถูกคอมเมนท์

คอมเมนท์ทรัพยากรรายการนี้
  คอมเมนท์: ปรากฎการณ์รักหมด..


 Copyright 2026. Bcnsprnw @Library